000 02246cam a22005414i 4500
003 PE-LiUPU
005 20250731173530.0
008 150616s r 000 0 d
020 _a0805411682
035 _a(Sirsi) i9780805411683
040 _aPE-LiUPU
_bspa
_cPE-LiUPU
_erda
049 _aPRUA
082 0 4 _a264
_bS36
_221
100 1 _aSegler, Franklin M.,
_eautor.
245 1 0 _aUnderstanding, Preparing for, and Practicing Christian Worship.
264 1 _aNashville, Tennessee :
_bBroadman & Holman Publishers,
_c1996.
300 _a307 páginas ;
_c23 centímetros
336 _atext
_2rdacontent
337 _aunmediated
_2rdamedia
338 _avolume
_2rdacarrier
504 _aIncluye bibliografía.
505 0 _aThe meaning of worship- The means of expressing worship- Planning and conducting worship
526 _aSEG42
526 _aSEG41
526 _aSEG40
526 _aSEG39
526 _aP94
526 _aP87
526 _aP86
526 _aP85
526 _aP77
526 _aP76
526 _aP35
650 0 4 _aCULTO Y ADORACION.
910 _ajck
_bjvq
_cjck
942 _2ddc
_cBOOK
949 _a264 S36
_wDEWEY
_c1
_i45753
_lCCODEBUL1
_mBUL
_r0
_sY
_tBOOK
_u2015-6-16
_xTEOLOGIA
_zUNKNOWN
_0COMPRA
_o.STAFF. Colección General
949 _a264 S36
_wDEWEY
_c2
_i45759
_lCCODEBUL1
_mBUL
_r0
_sY
_tBOOK
_u2015-4-23
_xTEOLOGIA
_zUNKNOWN
_0COMPRA
_o.STAFF. Colección General
949 _a264 S36
_wDEWEY
_c3
_i42241
_lCCODEBUL1
_mBUL
_r0
_sY
_tBOOK
_u2015-4-23
_xTEOLOGIA
_zUNKNOWN
_0COMPRA
_o.STAFF. Colección General
994 _aC0
_bPEPRU
596 _a1
999 _a264 S36
_wDEWEY
_c60071
_i45753
_f2021-11-10
_g5
_lCCODEBUL1
_mBUL
_r0
_sY
_tBOOK
_u2015-6-16
_xTEOLOGIA
_zUNKNOWN
_0COMPRA
_o.STAFF. Colección General
_d60071
999 _a264 S36
_wDEWEY
_c2
_i45759
_f2021-11-10
_g5
_lCCODEBUL1
_mBUL
_r0
_sY
_tBOOK
_u2015-4-23
_xTEOLOGIA
_zUNKNOWN
_0COMPRA
_o.STAFF. Colección General
999 _a264 S36
_wDEWEY
_c3
_i42241
_d2018-5-17
_f2021-11-10
_g5
_lCCODEBUL1
_mBUL
_q1
_r0
_sY
_tBOOK
_u2015-4-23
_xTEOLOGIA
_zUNKNOWN
_0COMPRA
_o.STAFF. Colección General
980 _81
_gALBERTO SANCHEZ Responsable de Automatización